[Event "Skakligaen 2025-26"]
[Site "Denmark"]
[Date "2025.11.01"]
[Round "1.6"]
[White "Palm, Nikolaj"]
[Black "Thorsen, Adrian Stenstrop"]
[Result "0-1"]
[WhiteElo "2281"]
[BlackElo "2167"]
[EventDate "2025.11.01"]
[EventType "team-tourn"]
[EventRounds "9"]
[EventCountry "DEN"]
[SourceTitle "Holdskaksystemet"]
[WhiteTeam "Bronshoj"]
[BlackTeam "Fredericia"]
[WhiteTeamCountry "DEN"]
[BlackTeamCountry "DEN"]

1. d4 d5 2. c4 e6 3. Nc3 a6 4. cxd5 exd5 5. Nf3 Be6 6. Bf4 Nf6 7. e3 Bd6 8. Bd3 O-O 9. O-O Bxf4 10. exf4 Bg4 11. h3 Bxf3 12. Qxf3 Nc6 13. Rad1 Nxd4 14. Bxh7+ Nxh7 15. Rxd4 c6 16. f5 Qf6 17. Rf4 Rfe8 18. g4 Qh4 19. Kg2 Re5 20. Qg3 Qxg3+ 21. Kxg3 Rae8 22. Na4 Re2 23. Rc1 Nf6 24. f3 R8e3 25. a3 Ne4+ 26. Kh4 Rf2 27. Nc3 Nxc3 28. Rxc3 Rxc3 29. bxc3 b5 30. a4 Rc2 31. axb5 axb5 32. f6 Rxc3 33. fxg7 Rc4 34. Rf6 b4 35. Kg5 Kxg7 36. h4 b3 37. h5 b2 38. h6+ Kh8 39. Rxf7 b1=Q 40. Rf8+ Kh7 41. Rf7+ Kg8 42. Rg7+ Kh8 43. f4 Qb8 0-1

[Event "Skakligaen 2025-26"]
[Site "Denmark"]
[Date "2025.11.01"]
[Round "1.7"]
[White "Schwarz, Frank"]
[Black "Andreasen, Henrik"]
[Result "1-0"]
[WhiteElo "2232"]
[BlackElo "2194"]
[EventDate "2025.11.01"]
[EventType "team-tourn"]
[EventRounds "9"]
[EventCountry "DEN"]
[SourceTitle "Holdskaksystemet"]
[WhiteTeam "Fredericia"]
[BlackTeam "Bronshoj"]
[WhiteTeamCountry "DEN"]
[BlackTeamCountry "DEN"]

1. e4 e6 2. d4 d5 3. e5 c5 4. Nf3 Nc6 5. Bd3 f6 6. O-O fxe5 7. dxe5 Qc7 8. Re1 Bd7 9. Bf4 Nge7 10. c4 g6 11. Nc3 a6 12. Qd2 Nb4 13. Bf1 dxc4 14. Bxc4 Rd8 15. Ne4 Nf5 16. Nd6+ Bxd6 17. exd6 Qc8 18. Bg5 O-O 19. Bxd8 Rxd8 20. Rad1 Nc6 21. Qg5 Kg7 22. h4 Rf8 23. h5 Rf6 24. Bd3 h6 25. Qc1 Nb4 26. Ne5 gxh5 27. Bxf5 Rxf5 28. a3 Nc6 29. Qc3 Kh7 30. Re3 Nd4 31. b4 b6 32. bxc5 bxc5 33. Rc1 Qb7 34. Qxc5 Rg5 35. g3 Nc6 36. Qc2+ 1-0

[Event "Skakligaen 2025-26"]
[Site "Denmark"]
[Date "2025.11.01"]
[Round "1.8"]
[White "Thuesen, Mogens Henrik"]
[Black "Moller, Dustin"]
[Result "1/2-1/2"]
[WhiteElo "2107"]
[BlackElo "2151"]
[EventDate "2025.11.01"]
[EventType "team-tourn"]
[EventRounds "9"]
[EventCountry "DEN"]
[SourceTitle "Holdskaksystemet"]
[WhiteTeam "Bronshoj"]
[BlackTeam "Fredericia"]
[WhiteTeamCountry "DEN"]
[BlackTeamCountry "DEN"]

1. b3 d5 2. Bb2 Nf6 3. e3 c5 4. Nf3 g6 5. c4 Bg7 6. cxd5 Qxd5 7. Nc3 Qd8 8. d4 O-O 9. Be2 Nc6 10. dxc5 Qa5 11. O-O Rd8 12. Qc1 Qxc5 13. Nb5 Qxc1 14. Raxc1 Ne4 15. Bxg7 Kxg7 16. Nfd4 Nxd4 17. Nxd4 Bd7 18. Rc7 Nd6 19. Rfc1 Kf8 20. f4 Ke8 21. Bf3 Rdc8 22. Kf2 Kd8 23. Rxc8+ Rxc8 24. Rxc8+ Kxc8 25. e4 Nb5 26. Nxb5 Bxb5 27. g4 Kd7 28. g5 e5 29. Ke3 Kd6 30. b4 b6 31. f5 Bc4 32. a3 Kc6 33. Kd2 Kd6 34. Kc3 b5 35. h4 Bf1 36. Bd1 Bc4 37. a4 a6 38. a5 Ke7 39. Bg4 Kd8 40. h5 Kc7 41. Kd2 Kd8 42. Ke3 Kc7 43. Kf2 Kd8 44. Ke3 Kc7 45. h6 Kd8 46. Bh3 Kc7 47. Bg4 1/2-1/2

[Event "Skakligaen 2025-26"]
[Site "Denmark"]
[Date "2025.11.01"]
[Round "1.1"]
[White "Thybo, Jesper Sondergaard"]
[Black "Hansen, Curt"]
[Result "1/2-1/2"]
[WhiteElo "2568"]
[BlackElo "2596"]
[EventDate "2025.11.01"]
[EventType "team-tourn"]
[EventRounds "9"]
[EventCountry "DEN"]
[SourceTitle "Holdskaksystemet"]
[WhiteTeam "Hillerod"]
[BlackTeam "Frem"]
[WhiteTeamCountry "DEN"]
[BlackTeamCountry "DEN"]

1. Nf3 Nf6 2. g3 d5 3. Bg2 c6 4. O-O g6 5. b3 Bg7 6. c4 Bg4 7. Bb2 Nbd7 8. d3 O-O 9. Nbd2 a5 10. h3 Bxf3 11. Nxf3 e6 12. Qc2 Ne8 13. d4 Nd6 14. Ne5 Nf5 15. e3 Nxe5 16. dxe5 a4 17. Rfd1 axb3 18. axb3 Rxa1 19. Bxa1 Qb8 20. cxd5 exd5 21. e4 dxe4 22. Bxe4 Bxe5 23. Bxf5 Bxa1 24. Rxa1 Qe5 25. Ra7 Qxf5 26. Qxf5 gxf5 27. Rxb7 Rd8 28. b4 Rd3 29. Kg2 Kg7 30. Rb6 Rc3 31. h4 c5 32. bxc5 Rxc5 33. Kf3 1/2-1/2

[Event "Skakligaen 2025-26"]
[Site "Denmark"]
[Date "2025.11.01"]
[Round "1.2"]
[White "Loftgaard, Mikkel Vinh"]
[Black "Hansen, Sune Berg"]
[Result "1/2-1/2"]
[WhiteElo "2342"]
[BlackElo "2508"]
[EventDate "2025.11.01"]
[EventType "team-tourn"]
[EventRounds "9"]
[EventCountry "DEN"]
[SourceTitle "Holdskaksystemet"]
[WhiteTeam "Frem"]
[BlackTeam "Hillerod"]
[WhiteTeamCountry "DEN"]
[BlackTeamCountry "DEN"]

1. e4 e5 2. Nf3 Nc6 3. d4 exd4 4. Nxd4 Bb4+ 5. Nc3 Nge7 6. Bg5 f6 7. Be3 O-O 8. Bc4+ Kh8 9. O-O Ne5 10. Be2 Bxc3 11. bxc3 d5 12. f4 Nf7 13. Bf3 dxe4 14. Bxe4 Nd6 15. Bd3 Nef5 16. Nxf5 Bxf5 17. Bc5 Qd7 18. Qf3 b6 19. Bxd6 Qxd6 20. Bxf5 Qc5+ 21. Rf2 Qxf5 22. Qc6 Rad8 23. Re1 Rd7 24. g3 h5 25. Qe6 Qxe6 26. Rxe6 Rff7 27. f5 Kg8 28. Kg2 Rd5 29. Re8+ Rf8 30. Re7 Rf7 31. Re8+ Kh7 32. Rf4 Rfd7 33. c4 Rd2+ 34. Kh3 R7d4 35. Rxd4 Rxd4 36. c5 Rc4 37. cxb6 axb6 38. Re2 Kh6 39. Rd2 Rc5 40. g4 Kg5 41. gxh5 Kxh5 42. Rd7 Rc3+ 43. Kg2 Rxc2+ 44. Kg3 Kh6 45. a4 Rc3+ 46. Kg2 Rc4 47. Kg3 c5 48. Ra7 Rc3+ 49. Kg4 Ra3 50. Ra6 Rb3 51. a5 Rb4+ 52. Kg3 Ra4 53. Rxb6 Rxa5 54. Rb7 Ra3+ 55. Kg4 Rd3 56. Rc7 Rd4+ 57. Kg3 c4 58. h4 Kh7 59. Rc8 Re4 60. Kh3 Rf4 61. Kg3 Rxf5 62. Rxc4 Rd5 63. Kg4 Kg6 64. Ra4 Rd1 65. Rb4 Rg1+ 66. Kh3 Re1 67. Kg4 Kh6 68. Rf4 Re5 69. Rf3 Kg6 70. Rg3 Re7 71. Rg1 Kh6 72. Rf1 Re4+ 73. Kg3 Kh5 74. Rf5+ Kg6 75. Ra5 f5 76. Rb5 Rg4+ 77. Kh3 Rd4 78. Kg3 Re4 79. Ra5 Kf6 80. Ra6+ Kf7 81. Ra7+ Re7 82. Ra4 Re6 83. Kf4 Kf6 84. Rb4 g6 85. Ra4 Re1 86. Ra6+ Kg7 87. h5 Re4+ 88. Kf3 gxh5 89. Kg3 Rg4+ 90. Kh3 Rg6 91. Ra5 Rg5 92. Ra6 Rg4 93. Rb6 Rg6 94. Rb5 Rf6 95. Kh4 Kg6 96. Rb8 Re6 97. Rg8+ Kf7 98. Rh8 Kf6 99. Rxh5 Re3 100. Rh8 Ke5 101. Ra8 Kf4 102. Ra4+ Re4 103. Ra3 Re8 104. Ra4+ Re4 105. Ra3 Re5 106. Rb3 Re3 107. Rb4+ Re4 1/2-1/2

[Event "Skakligaen 2025-26"]
[Site "Denmark"]
[Date "2025.11.01"]
[Round "1.3"]
[White "Schandorff, Lars"]
[Black "Le Besq, Alexander"]
[Result "1-0"]
[WhiteElo "2463"]
[BlackElo "2280"]
[EventDate "2025.11.01"]
[EventType "team-tourn"]
[EventRounds "9"]
[EventCountry "DEN"]
[SourceTitle "Holdskaksystemet"]
[WhiteTeam "Hillerod"]
[BlackTeam "Frem"]
[WhiteTeamCountry "DEN"]
[BlackTeamCountry "DEN"]

1. Nf3 Nf6 2. g3 g6 3. b3 Bg7 4. Bb2 O-O 5. Bg2 c5 6. c4 Nc6 7. O-O d6 8. d4 cxd4 9. Nxd4 Bd7 10. Nc3 Rb8 11. Nc2 a6 12. Nd5 Nxd5 13. Bxg7 Ne3 14. Nxe3 Kxg7 15. Rc1 Be6 16. Qd2 Qb6 17. Rfd1 Rfc8 18. Nd5 Bxd5 19. cxd5 Ne5 20. Bh3 Rxc1 21. Rxc1 a5 22. Qc3 Kf8 23. Kf1 f5 24. f4 Nf7 25. g4 fxg4 26. Bxg4 Ra8 27. a4 Rb8 28. Be6 Qd8 29. Qd4 Kg8 30. Rc3 Qf8 31. Rc7 Qd8 32. Qc3 b6 33. Kg2 Kf8 34. Rc4 b5 35. axb5 Qb6 36. Qh3 Kg7 37. Bxf7 Kxf7 38. Qxh7+ Kf6 39. Re4 e5 40. dxe6 Kf5 41. Kf3 Qb7 42. Qxb7 Rxb7 43. e7 Kxe4+ 44. Kxe4 1-0

[Event "Skakligaen 2025-26"]
[Site "Denmark"]
[Date "2025.11.01"]
[Round "1.4"]
[White "Dyrgaard, Kristoffer"]
[Black "Storme, Isak"]
[Result "1-0"]
[WhiteElo "2267"]
[BlackElo "2434"]
[EventDate "2025.11.01"]
[EventType "team-tourn"]
[EventRounds "9"]
[EventCountry "DEN"]
[SourceTitle "Holdskaksystemet"]
[WhiteTeam "Frem"]
[BlackTeam "Hillerod"]
[WhiteTeamCountry "DEN"]
[BlackTeamCountry "DEN"]

1. e4 c6 2. d4 d5 3. exd5 cxd5 4. c4 Nf6 5. Nc3 Nc6 6. Be3 g6 7. Nf3 Bg7 8. Be2 O-O 9. O-O Bg4 10. Ne5 Bxe2 11. Qxe2 dxc4 12. Nxc6 bxc6 13. Qxc4 Qd6 14. Ne2 Nd5 15. Rac1 Nxe3 16. fxe3 Bh6 17. Rf3 e5 18. Qxc6 Qb4 19. Qc3 Qb5 20. Kf2 e4 21. Rf6 Rac8 22. Qd2 Kg7 23. Rd6 Qb8 24. Rdc6 Rxc6 25. Rxc6 Qxh2 26. d5 Kg8 27. d6 Qh4+ 28. Kf1 Qf6+ 29. Kg1 Rd8 30. Nf4 Bxf4 31. exf4 Kg7 32. Qc3 Qxc3 33. bxc3 Kf6 34. c4 Ke6 35. c5 e3 36. Rc7 Kd5 37. d7 Kd4 38. Kf1 Kd3 39. Ke1 Rb8 40. Rb7 Rxb7 41. d8=Q+ 1-0

[Event "Skakligaen 2025-26"]
[Site "Denmark"]
[Date "2025.11.01"]
[Round "1.5"]
[White "Borge, Nikolaj"]
[Black "Ostergreen Johansen, Torben"]
[Result "1-0"]
[WhiteElo "2378"]
[BlackElo "2155"]
[EventDate "2025.11.01"]
[EventType "team-tourn"]
[EventRounds "9"]
[EventCountry "DEN"]
[SourceTitle "Holdskaksystemet"]
[WhiteTeam "Hillerod"]
[BlackTeam "Frem"]
[WhiteTeamCountry "DEN"]
[BlackTeamCountry "DEN"]

1. e4 c5 2. Nf3 Nc6 3. d4 cxd4 4. Nxd4 Nf6 5. Nc3 e5 6. Ndb5 d6 7. Nd5 Nxd5 8. exd5 Ne7 9. c3 Nf5 10. a4 Be7 11. g3 Bd7 12. Bg2 a6 13. Na3 b5 14. axb5 axb5 15. O-O O-O 16. Bd2 Qb6 17. Qb3 Ra4 18. Nc2 Rfa8 19. Be4 Rxa1 20. Rxa1 Rxa1+ 21. Nxa1 Bd8 22. Nc2 Ne7 23. Na3 Qa5 24. Bd3 b4 25. c4 Qa7 26. Qxb4 Bb6 27. Be1 Bc5 28. Qc3 Bd4 29. Qc1 f5 30. Nc2 Bb6 31. Qa1 Qc7 32. Bd2 e4 33. Be2 Ng6 34. Qa8+ Kf7 35. b3 Qa7 36. Qxa7 Bxa7 37. Bh5 Kf6 38. h4 h6 39. Bxg6 Kxg6 40. Bf4 Bb8 41. c5 Kf6 42. c6 Bc8 43. h5 Ba6 44. Be3 Ke5 45. Bd4+ Kxd5 46. Nb4+ Kxd4 47. Nxa6 1-0

[Event "Skakligaen 2025-26"]
[Site "Denmark"]
[Date "2025.11.01"]
[Round "1.6"]
[White "Nilssen, Ellen Fredericia"]
[Black "Percivaldi, Martin"]
[Result "1/2-1/2"]
[WhiteElo "2135"]
[BlackElo "2375"]
[EventDate "2025.11.01"]
[EventType "team-tourn"]
[EventRounds "9"]
[EventCountry "DEN"]
[SourceTitle "Holdskaksystemet"]
[WhiteTeam "Frem"]
[BlackTeam "Hillerod"]
[WhiteTeamCountry "DEN"]
[BlackTeamCountry "DEN"]

1. d4 d5 2. c4 e6 3. Nc3 Be7 4. cxd5 exd5 5. Bf4 c6 6. e3 Bf5 7. Bd3 Bxd3 8. Qxd3 Nf6 9. h3 Nbd7 10. Nf3 O-O 11. O-O Nb6 12. Rfe1 Re8 13. Ne5 Nfd7 14. Re2 Nxe5 15. Bxe5 Nc4 16. Bh2 Bd6 17. e4 Bxh2+ 18. Kxh2 Qd6+ 19. Kg1 Qg6 20. Rd1 Nb6 21. exd5 Qxd3 22. Rxe8+ Rxe8 23. Rxd3 cxd5 1/2-1/2

[Event "Skakligaen 2025-26"]
[Site "Denmark"]
[Date "2025.11.01"]
[Round "1.7"]
[White "Ostergaard, Jens"]
[Black "Andries, Alf"]
[Result "1/2-1/2"]
[WhiteElo "2277"]
[BlackElo "2113"]
[EventDate "2025.11.01"]
[EventType "team-tourn"]
[EventRounds "9"]
[EventCountry "DEN"]
[SourceTitle "Holdskaksystemet"]
[WhiteTeam "Hillerod"]
[BlackTeam "Frem"]
[WhiteTeamCountry "DEN"]
[BlackTeamCountry "DEN"]

1. d4 Nf6 2. Nf3 e6 3. c4 c5 4. d5 exd5 5. cxd5 d6 6. Nc3 g6 7. h3 Bg7 8. e4 O-O 9. Bd3 b5 10. Bxb5 Nxe4 11. Nxe4 Qa5+ 12. Nfd2 Qxb5 13. Nxd6 Qa6 14. N2c4 Nd7 15. O-O Ne5 16. Nxe5 Qxd6 17. Nc6 Bb7 18. Qf3 Bxc6 19. dxc6 Rac8 20. Rb1 Qxc6 21. Qxc6 Rxc6 22. b3 Re8 23. Be3 Bd4 24. Rfe1 Bxe3 25. Rxe3 Rxe3 26. fxe3 Rd6 27. Rc1 Rd2 1/2-1/2

[Event "Skakligaen 2025-26"]
[Site "Denmark"]
[Date "2025.11.01"]
[Round "1.8"]
[White "Wilbrandt, Simon Pil"]
[Black "Jaksland, Tim"]
[Result "1/2-1/2"]
[WhiteElo "2100"]
[BlackElo "2102"]
[EventDate "2025.11.01"]
[EventType "team-tourn"]
[EventRounds "9"]
[EventCountry "DEN"]
[SourceTitle "Holdskaksystemet"]
[WhiteTeam "Frem"]
[BlackTeam "Hillerod"]
[WhiteTeamCountry "DEN"]
[BlackTeamCountry "DEN"]

1. d4 Nf6 2. c4 e6 3. Nc3 Bb4 4. f3 c5 5. a3 Bxc3+ 6. bxc3 Nc6 7. e4 d6 8. Ne2 b6 9. Ng3 Na5 10. Be2 Ba6 11. O-O h5 12. Bd3 Qc7 13. d5 O-O-O 14. Qe2 h4 15. Nh1 Nb3 16. Rb1 Nxc1 17. Rbxc1 e5 18. f4 Qe7 19. fxe5 dxe5 20. Nf2 Ne8 21. Nd1 Nd6 22. Ne3 Kc7 23. Qg4 g6 24. Qe2 Bc8 25. Ng4 Bxg4 26. Qxg4 Rh5 27. Kh1 Rdh8 28. Rce1 Rf8 1/2-1/2

[Event "Skakligaen 2025-26"]
[Site "Denmark"]
[Date "2025.11.01"]
[Round "1.1"]
[White "Andersen, Mads"]
[Black "Hector, Jonny"]
[Result "1-0"]
[WhiteElo "2558"]
[BlackElo "2421"]
[EventDate "2025.11.01"]
[EventType "team-tourn"]
[EventRounds "9"]
[EventCountry "DEN"]
[SourceTitle "Holdskaksystemet"]
[WhiteTeam "Skanderborg"]
[BlackTeam "Nordkalotten"]
[WhiteTeamCountry "DEN"]
[BlackTeamCountry "DEN"]

1. e4 e5 2. Nf3 Nc6 3. Bc4 Nf6 4. d3 d5 5. exd5 Nxd5 6. O-O Bc5 7. Re1 O-O 8. c3 Nf6 9. b4 Bd6 10. Nbd2 Bg4 11. h3 Bh5 12. g4 Bg6 13. Nh4 Ne7 14. Qf3 c6 15. Ne4 Nxe4 16. dxe4 b5 17. Bb3 a5 18. bxa5 c5 19. Rd1 c4 20. Bc2 Rxa5 21. Nf5 Bxf5 22. exf5 f6 23. a4 Qc7 24. Rb1 Rb8 25. Rxb5 Rbxb5 26. axb5 Rxb5 27. Qa8+ Rb8 28. Qa6 Rb6 29. Qa4 Qc8 30. Be3 Ra6 31. Qb5 Ra2 32. Bb1 Ra3 33. Be4 Rb3 34. Qa4 Ra3 35. Qb5 Rb3 36. Qa5 Bc7 37. Qc5 Kf8 38. Qxc4 Rb8 39. Ba7 Ba5 40. Qa4 Bxc3 41. Bxb8 Qxb8 42. Rd7 g6 43. Qa6 1-0

[Event "Skakligaen 2025-26"]
[Site "Denmark"]
[Date "2025.11.01"]
[Round "1.2"]
[White "Brynell, Stellan"]
[Black "Olsen, Filip Boe"]
[Result "0-1"]
[WhiteElo "2367"]
[BlackElo "2456"]
[EventDate "2025.11.01"]
[EventType "team-tourn"]
[EventRounds "9"]
[EventCountry "DEN"]
[SourceTitle "Holdskaksystemet"]
[WhiteTeam "Nordkalotten"]
[BlackTeam "Skanderborg"]
[WhiteTeamCountry "DEN"]
[BlackTeamCountry "DEN"]

1. d4 Nf6 2. Nf3 d5 3. c4 e6 4. Nc3 Bb4 5. cxd5 exd5 6. Bg5 h6 7. Bxf6 Qxf6 8. Qb3 Qb6 9. a3 Bxc3+ 10. Qxc3 Bf5 11. e3 Nd7 12. Be2 a5 13. O-O O-O 14. b4 c6 15. Rfc1 Rfc8 16. Nd2 Nf6 17. Qc5 Qd8 18. Qc3 Ne8 19. b5 cxb5 20. Qb3 Rxc1+ 21. Rxc1 b4 22. axb4 a4 23. Qa3 Nd6 24. b5 Qa5 25. Nf3 Nxb5 26. Qb2 Nd6 27. Rc5 b5 28. Rxd5 a3 29. Qa1 Qb4 0-1

[Event "Skakligaen 2025-26"]
[Site "Denmark"]
[Date "2025.11.01"]
[Round "1.3"]
[White "Pajeken, Jakob Leon"]
[Black "Sylvan, Jacob"]
[Result "1/2-1/2"]
[WhiteElo "2467"]
[BlackElo "2302"]
[EventDate "2025.11.01"]
[EventType "team-tourn"]
[EventRounds "9"]
[EventCountry "DEN"]
[SourceTitle "Holdskaksystemet"]
[WhiteTeam "Skanderborg"]
[BlackTeam "Nordkalotten"]
[WhiteTeamCountry "DEN"]
[BlackTeamCountry "DEN"]

1. e4 c5 2. Nf3 e6 3. d4 cxd4 4. Nxd4 Nc6 5. a3 Qc7 6. Be3 Nf6 7. Nc3 a6 8. f4 d6 9. Qf3 Be7 10. O-O-O Bd7 11. g4 g5 12. Nxc6 Bxc6 13. fxg5 Nd7 14. h4 Ne5 15. Qf4 b5 16. Bd4 Rb8 17. Nb1 a5 18. Nd2 b4 19. axb4 Ba4 20. b3 Rxb4 21. bxa4 Rxd4 22. Bb5+ Kf8 23. Rdf1 1/2-1/2

[Event "Skakligaen 2025-26"]
[Site "Denmark"]
[Date "2025.11.01"]
[Round "1.4"]
[White "Kristensen, Kaare Hove"]
[Black "Pedersen, Nicolai Vesterbaek"]
[Result "0-1"]
[WhiteElo "2283"]
[BlackElo "2341"]
[EventDate "2025.11.01"]
[EventType "team-tourn"]
[EventRounds "9"]
[EventCountry "DEN"]
[SourceTitle "Holdskaksystemet"]
[WhiteTeam "Nordkalotten"]
[BlackTeam "Skanderborg"]
[WhiteTeamCountry "DEN"]
[BlackTeamCountry "DEN"]

1. e4 c6 2. d4 d5 3. exd5 cxd5 4. c4 Nf6 5. Nc3 Nc6 6. Nf3 a6 7. c5 g6 8. Be2 Bg7 9. O-O O-O 10. Be3 Bf5 11. a3 Qc7 12. b4 Rad8 13. Qb3 e5 14. dxe5 Nxe5 15. Bd4 Nfg4 16. Bxe5 Bxe5 17. Nxe5 Qxe5 18. Bxg4 Bxg4 19. Rae1 Qd4 20. h3 Be6 21. Rd1 Qe5 22. Rfe1 Qg5 23. Ne2 d4 24. Qg3 Qxg3 25. fxg3 d3 26. Nf4 Bc4 27. Rd2 g5 28. Nh5 f5 29. Re7 Rf7 30. Re5 h6 31. h4 Rd4 32. hxg5 hxg5 33. Kf2 Kh7 34. Ke3 Rg4 35. Re8 Kg6 36. Rh8 Re7+ 37. Kf2 Re2+ 38. Rxe2 dxe2 0-1

[Event "Skakligaen 2025-26"]
[Site "Denmark"]
[Date "2025.11.01"]
[Round "1.6"]
[White "Ejsing, Esben"]
[Black "Medhus, Vitus Bondo"]
[Result "0-1"]
[WhiteElo "2141"]
[BlackElo "2354"]
[EventDate "2025.11.01"]
[EventType "team-tourn"]
[EventRounds "9"]
[EventCountry "DEN"]
[SourceTitle "Holdskaksystemet"]
[WhiteTeam "Nordkalotten"]
[BlackTeam "Skanderborg"]
[WhiteTeamCountry "DEN"]
[BlackTeamCountry "DEN"]

1. c4 c5 2. Nc3 g6 3. Nf3 Bg7 4. g3 Nc6 5. Bg2 e5 6. d3 Nge7 7. h4 h5 8. Bg5 O-O 9. Qc1 d6 10. O-O Bg4 11. Nd5 f6 12. Bh6 Nxd5 13. Bxg7 Kxg7 14. cxd5 Bxf3 15. exf3 Nd4 16. Kh2 Qd7 17. Rb1 a5 18. Qe3 Qf5 19. Qe4 Rf7 20. Rfe1 b5 21. Rbc1 a4 22. Re3 Qd7 23. Ree1 f5 24. Qe3 f4 25. Qe4 Raf8 26. Rf1 Rf6 27. Bh3 Qf7 28. g4 hxg4 29. Bxg4 Rh8 30. h5 Rf5 31. Rg1 Rg5 32. Rg2 Qf5 33. Qxf5 gxf5 34. Bh3 Nxf3+ 0-1

[Event "Skakligaen 2025-26"]
[Site "Denmark"]
[Date "2025.11.01"]
[Round "1.7"]
[White "Berg, Klaus"]
[Black "Jakobsen, Peter"]
[Result "1/2-1/2"]
[WhiteElo "2264"]
[BlackElo "2174"]
[EventDate "2025.11.01"]
[EventType "team-tourn"]
[EventRounds "9"]
[EventCountry "DEN"]
[SourceTitle "Holdskaksystemet"]
[WhiteTeam "Skanderborg"]
[BlackTeam "Nordkalotten"]
[WhiteTeamCountry "DEN"]
[BlackTeamCountry "DEN"]

1. d4 Nf6 2. Bg5 Ne4 3. Bf4 d5 4. Nd2 Nxd2 5. Qxd2 Bf5 6. e3 e6 7. Bd3 Bxd3 8. Qxd3 Nd7 9. Nf3 Be7 10. O-O O-O 11. c4 c6 12. Rfc1 Re8 13. cxd5 exd5 14. b4 a6 15. Qb3 Nb6 16. a4 Bd6 17. Bxd6 Qxd6 18. Nd2 Rac8 19. b5 axb5 20. axb5 h6 21. h3 Re7 22. bxc6 Rxc6 23. Rxc6 Qxc6 24. Qb4 Rc7 1/2-1/2

[Event "Skakligaen 2025-26"]
[Site "Denmark"]
[Date "2025.11.01"]
[Round "1.8"]
[White "Nielsen, Lars Aaes"]
[Black "Brondt, Nicolai Kvist"]
[Result "1/2-1/2"]
[WhiteElo "2149"]
[BlackElo "2214"]
[EventDate "2025.11.01"]
[EventType "team-tourn"]
[EventRounds "9"]
[EventCountry "DEN"]
[SourceTitle "Holdskaksystemet"]
[WhiteTeam "Nordkalotten"]
[BlackTeam "Skanderborg"]
[WhiteTeamCountry "DEN"]
[BlackTeamCountry "DEN"]

1. e4 c5 2. c3 d5 3. exd5 Qxd5 4. d4 Nf6 5. Nf3 e6 6. Be3 cxd4 7. cxd4 Bb4+ 8. Nc3 O-O 9. Bd3 b6 10. O-O Bxc3 11. bxc3 Ba6 12. Bxa6 Nxa6 13. Qa4 Nb8 14. c4 Qd6 15. Rac1 Rc8 16. c5 bxc5 17. dxc5 Qc6 18. Qh4 Qe4 19. Qxe4 Nxe4 20. Rc4 Nf6 21. Nd4 Nc6 22. Nxc6 Rxc6 23. Rb1 Nd5 24. h3 Rac8 25. Rb5 Kf8 26. Ra5 a6 27. Kh2 Ke7 28. Rca4 Ra8 29. Kg3 Kd7 30. Bd4 f6 31. f4 Kc7 32. Ra3 Kb7 33. Rb3+ Ka7 34. Rb2 Rb8 35. Rxb8 Kxb8 36. Kf3 Kb7 37. Ra3 Rc8 38. Ke4 Rc6 39. g4 Ne7 1/2-1/2

[Event "Skakligaen 2025-26"]
[Site "Denmark"]
[Date "2025.11.02"]
[Round "2.1"]
[White "Rozentalis, Eduardas"]
[Black "Liu, Casper Yukun"]
[Result "1-0"]
[WhiteElo "2449"]
[BlackElo "2337"]
[EventDate "2025.11.01"]
[EventType "team-tourn"]
[EventRounds "9"]
[EventCountry "DEN"]
[SourceTitle "Holdskaksystemet"]
[WhiteTeam "Koge"]
[BlackTeam "BMS"]
[WhiteTeamCountry "DEN"]
[BlackTeamCountry "DEN"]

1. e4 c5 2. Nf3 d6 3. Bb5+ Nd7 4. Ba4 Ngf6 5. O-O e6 6. Qe2 a6 7. c3 b5 8. Bc2 Bb7 9. d4 Be7 10. Re1 Qc7 11. a4 O-O 12. axb5 axb5 13. Rxa8 Rxa8 14. e5 Nd5 15. Na3 dxe5 16. Nxb5 Qc6 17. dxe5 Ra1 18. h4 Rxc1 19. Rxc1 Nf4 20. Qe3 Nxg2 21. Kxg2 Nxe5 22. Bd1 Ng6 23. h5 Nh4+ 24. Kh3 h6 25. Na7 Qd5 26. Qe5 Qd8 27. Nxh4 Bxh4 28. Be2 Bf6 29. Qxc5 Qb8 30. Qb5 Qf4 31. Qxb7 Qh4+ 32. Kg2 Qg5+ 33. Bg4 Qxc1 34. Qb5 Qf4 35. Bf3 Be5 36. Nc6 Bd6 37. Qd3 Qg5+ 38. Kf1 Qc1+ 39. Qd1 Qf4 40. b4 Bc7 41. Qd3 1-0

[Event "Skakligaen 2025-26"]
[Site "Denmark"]
[Date "2025.11.02"]
[Round "2.2"]
[White "Kistrup, Nicolai"]
[Black "Sorensen, Hampus"]
[Result "0-1"]
[WhiteElo "2365"]
[BlackElo "2437"]
[EventDate "2025.11.01"]
[EventType "team-tourn"]
[EventRounds "9"]
[EventCountry "DEN"]
[SourceTitle "Holdskaksystemet"]
[WhiteTeam "BMS"]
[BlackTeam "Koge"]
[WhiteTeamCountry "DEN"]
[BlackTeamCountry "DEN"]

1. Nf3 d5 2. g3 g6 3. Bg2 Bg7 4. d4 Nf6 5. O-O O-O 6. c4 c6 7. Qa4 dxc4 8. Qxc4 Be6 9. Qa4 Bd5 10. Nc3 e6 11. Rd1 Nbd7 12. Qc2 Bxf3 13. Bxf3 Qe7 14. Qb3 Rab8 15. h4 h6 16. Qa4 Ra8 17. b3 Rfd8 18. Ba3 Qe8 19. Bg2 a5 20. Qc4 Nb6 21. Qd3 e5 22. Bc5 Nbd7 23. Qc2 Nxc5 24. dxc5 e4 25. Rac1 e3 26. f4 Rd2 27. Rxd2 exd2 28. Qxd2 Rd8 29. Qe1 Qe3+ 30. Kh1 Nh5 31. Rd1 Bxc3 32. Rxd8+ Kh7 33. Qd1 Nxg3+ 34. Kh2 Nxe2 35. Qf1 Qg3+ 0-1

[Event "Skakligaen 2025-26"]
[Site "Denmark"]
[Date "2025.11.02"]
[Round "2.3"]
[White "Pantzar, Milton"]
[Black "Hansen, Jacob Ost"]
[Result "0-1"]
[WhiteElo "2420"]
[BlackElo "2337"]
[EventDate "2025.11.01"]
[EventType "team-tourn"]
[EventRounds "9"]
[EventCountry "DEN"]
[SourceTitle "Holdskaksystemet"]
[WhiteTeam "Koge"]
[BlackTeam "BMS"]
[WhiteTeamCountry "DEN"]
[BlackTeamCountry "DEN"]

1. d4 Nf6 2. c4 c5 3. d5 e5 4. Nc3 d6 5. e4 Be7 6. Nf3 Nbd7 7. g3 O-O 8. Bd3 Ne8 9. h3 a6 10. a4 Rb8 11. g4 g6 12. Bh6 Ng7 13. Qe2 Kh8 14. O-O-O Nf6 15. Kb1 Bd7 16. Rdg1 Qe8 17. Qc2 Bd8 18. Bg5 Ng8 19. h4 h6 20. h5 Bxg5 21. Nxg5 Qe7 22. Qd2 gxh5 23. Nf3 Qf6 24. Be2 Bxg4 25. Nh4 Qxf2 26. Rg2 Qf4 27. Qd1 Nf6 28. Rf1 Qg5 29. Nf3 Qg6 30. Qd3 Nh7 31. Nh4 Qg5 32. Nf5 Nxf5 33. Rxf5 Qh4 34. Rff2 Nf6 35. Qe3 Kg7 36. Ka2 Qg5 37. Qd3 Rg8 38. Nd1 Kf8 39. Ne3 Ke7 40. Bxg4 hxg4 41. Rf5 Qg6 42. Qc3 h5 43. Rgf2 Nxe4 44. Rxf7+ Qxf7 45. Rxf7+ Kxf7 46. Qd3 Nf6 47. Nf5 Rbd8 48. Nh6+ Kg7 49. Qf5 Kxh6 50. Qxf6+ Kh7 51. Qe7+ Kg6 52. Qe6+ Kg5 53. Qe7+ Kf4 54. Qf6+ Ke4 55. Qh4 Rdf8 56. Qxh5 g3 57. Qe2+ Kf4 58. Qg2 Kg4 59. a5 Rf4 60. Qh1 Rg7 61. Kb3 Rgf7 62. Qg2 Rf3+ 63. Ka4 R7f4 64. b4 Rf2 65. Qh1 Rxc4 66. Qd1+ Kg5 67. Qd3 Rxb4+ 68. Ka3 Rg4 69. Qh7 g2 70. Qg7+ Kf4 71. Qh6+ Kg3 72. Qc1 Rf1 0-1